000
00285nam a2200133Ia 4500
100
_a
Wusatowski/Zygmunt
942
_c
BK
654
_a
Rolling
245
_a
Fundamentls of Rolling
260
_b
Pergamon press
_a
Oxford
_c
1969
082
_a
671.32
300
_a
679
546
_a
ENGLISH
999
_c
25075
_d
25075